| 000 | 00611nam a22001697a 4500 | ||
|---|---|---|---|
| 020 | _qHBK. | ||
| 082 | _a200 | ||
| 100 | _aKhawaja, Sajid Gul | ||
| 245 |
_aNetwork-on-Chip Based Application Specific Processors for Frequent Pattern Mining Algorithms / _cSajid Gul Khawaja. |
||
| 260 |
_aRawalpindi: _bCEME - NUST, _c2017. |
||
| 300 |
_axx, 133 p. : ill. ; _c30cm. |
||
| 650 |
_aPh.D -Computer Engineering . _9124603 |
||
| 700 | _aSupervisor:Dr. Shoab Ahmed Khan. | ||
| 856 | _uhttp://10.250.8.41:8080/xmlui/handle/123456789/21332 | ||
| 942 |
_2ddc _cSC |
||
| 999 |
_c527382 _d527382 |
||